Ciencias 3 : (Record no. 7802)

MARC details
000 -CABECERA
campo de control de longitud fija 00693nam a2200205 a 4500
005 - FECHA Y HORA DE LA ÚLTIMA TRANSACCIÓN
campo de control 20230525063535.0
008 - ELEMENTOS DE LONGITUD FIJA--INFORMACIÓN GENERAL
campo de control de longitud fija 991125s1994 mx 000 0 spa u
020 ## - NÚMERO INTERNACIONAL NORMALIZADO PARA LIBROS
Número Internacional Estándar del Libro 9684308094
035 ## - NÚMERO DE CONTROL DEL SISTEMA
Número de control de sistema UPN01000007802
049 ## - COLECCIÓN
Colección LT
050 #4 - SIGNATURA TOPOGRÁFICA DE LA BIBLIOTECA DEL CONGRESO
Número de clasificación LB1585 M6.3
Número de documento/Ítem H4.2
100 1# - ASIENTO PRINCIPAL--NOMBRE PERSONAL
Nombre de persona Hernández Valverde, Gabriel
245 10 - MENCIÓN DE TÍTULO
Título Ciencias 3 :
Resto del título educación primaria /
Mención de responsabilidad, etc. Gabriel Hernández Valverde, Irma Yolanda Bernal Mariscal
260 ## - PUBLICACIÓN, DISTRIBUCIÓN, ETC.
Lugar de publicación, distribución, etc. México :
Nombre del editor, distribuidor, etc. Santillana,
Fecha de publicación, distribución, etc. 1994.
300 ## - DESCRIPCIÓN FÍSICA
Extensión 127 p. :
Otras características físicas il., col.
500 ## - NOTA GENERAL
Nota general "Basado en el nuevo programa de estudio"
650 #4 - ASIENTO SECUNDARIO DE MATERIA - TERMINO TEMATICO
Término de materia o nombre geográfico como elemento de entrada Ciencias naturales
Subdivisión general Estudio y enseñanza (Elemental)
9 (RLIN) 2812
700 2# - ASIENTO SECUNDARIO--NOMBRE DE PERSONAL
Nombre de persona Bernal Mariscal, Irma Yolanda,
Término indicativo de función/relación coaut.
905 ## - TIPO DE MATERIAL
Tipo de material Libro
Holdings
Estado de retiro Estado de pérdida Fuente del sistema de clasificación o colocación Estado dañado No para préstamo Código de colección Localización permanente Ubicación/localización actual Ubicación en estantería Fecha de adquisición Enumeración/cronología de publicación seriada Clasificación Código de barras Fecha visto por última vez Número de copia Tipo de ítem Koha
    Library of Congress Classification   Disponible (Préstamo en sala) Libros de texto Bib. Gregorio Torres Quintero Bib. Gregorio Torres Quintero Colecciones especiales Planta alta 25/05/2023 - LB1585 M6.3 H4.2 126831 31/12/2020 1 Libro
    Library of Congress Classification   Disponible (Préstamo en sala) Libros de texto Bib. Gregorio Torres Quintero Bib. Gregorio Torres Quintero Colecciones especiales Planta alta 25/05/2023 - LB1585 M6.3 H4.2 126832 31/12/2020 1 Libro